Crime, risk and insecurity: law and order in everday life and political descourse (Record no. 396205)

000 -LEADER
fixed length control field 00492cam a22001577a 4500
008 - FIXED-LENGTH DATA ELEMENTS--GENERAL INFORMATION
fixed length control field 180718b2000 xxu||||| |||| 00| 0 eng d
082 ## - DEWEY DECIMAL CLASSIFICATION NUMBER
Classification number Q8 H771
245 ## - TITLE STATEMENT
Title Crime, risk and insecurity: law and order in everday life and political descourse
Statement of responsibility, etc. edited by Tim Hope and Richard Sparks
260 ## - PUBLICATION, DISTRIBUTION, ETC.
Place of publication, distribution, etc. London
Name of publisher, distributor, etc. Routledge
Date of publication, distribution, etc. 2000
300 ## - PHYSICAL DESCRIPTION
Extent 275p.
650 ## - SUBJECT ADDED ENTRY--TOPICAL TERM
Topical term or geographic name entry element Victims of crimes
650 ## - SUBJECT ADDED ENTRY--TOPICAL TERM
Topical term or geographic name entry element Security (Psychology)
650 ## - SUBJECT ADDED ENTRY--TOPICAL TERM
Topical term or geographic name entry element Fear of crime
700 ## - ADDED ENTRY--PERSONAL NAME
Personal name Sparks, Richard
700 ## - ADDED ENTRY--PERSONAL NAME
Personal name Hope, Tim
Holdings
Withdrawn status Lost status Damaged status Not for loan Permanent Location Current Location Date acquired Full call number Barcode Date last seen Price effective from Koha item type
        Indian Institute of Public Administration Indian Institute of Public Administration 2001-03-22 Q8 H771 76608 2018-07-21 2018-07-21 Book

Powered by Koha